Statistics for Foreign NBA players

Click here to take the quiz!

General Stats

  • This quiz has been taken 8 times
  • The average score is 48 of 78

Answer Stats

Number of playersAnswer% Correct
17Spain
80%
4Czechia
80%
3Haiti
80%
5Netherlands
80%
34Serbia
80%
2Switzerland
80%
18Germany
80%
3New Zealand
80%
24Nigeria
80%
36France
80%
1Iran
80%
5Mexico
80%
2Egypt
80%
13Lithuania
80%
1Dominica
80%
5Israel
80%
2Sweden
80%
8Montenegro
80%
2Sudan
80%
13Argentina
80%
26Australia
80%
7latvia
80%
5Bahamas
80%
5Japan
80%
1Belgium
80%
12United Kingdom
80%
22Croatia
80%
17Brazil
80%
3Bulgaria
80%
4Cameroon
80%
51Canada
80%
15Puerto Rico
80%
6China
80%
1South Korea
60%
9Jamaica
60%
12Slovenia
60%
1Norway
60%
3Philippines
60%
4Poland
60%
1Slovakia
60%
1Romania
60%
13Russia
60%
4Panama
60%
13Greece
60%
12Senegal
60%
9Dominican Republic
60%
1Austria
60%
1Belarus
60%
1Uruguay
60%
2Cuba
60%
12Turkey
60%
1Tunisia
60%
12Italy
60%
3Finland
60%
2Guyana
60%
1Iceland
60%
3Ireland
60%
2Trinidad and Tobago
40%
1Tanzania
40%
9Ukraine
40%
2South Sudan
40%
1Angola
40%
2Qatar
40%
5North Macedonia
40%
2Mali
40%
4Lebanon
40%
1Hungary
40%
1Ghana
40%
2Gabon
40%
1Estonia
40%
4Democratic Republic Of Congo
40%
6Bosnia and Herzegovina
40%
3Belize
40%
6Venezuela
40%
1Antigua and Barbuda
20%
10Georgia
20%
1Cape Verde
20%
2Libya
0%

Score Distribution

Percentile by Number Answered

Percent of People with Each Score

Your Score History

You have not taken this quiz